[Десет] 10 настолни игри от цял свят (Запис номер 144646)
[ съкратено ]
| 000 -Лидер | |
|---|---|
| Контролно поле с фиксирана дължина | 01781nam a2200409 c 4500 |
| 003 - Код на организацията, давaща контролен номер | |
| Контролно поле | BLK |
| 005 - Дата и час на последна редакция | |
| Контролно поле | 20231031143418.0 |
| 008 - Елементи от данни с фиксирана дължина | |
| fixed length control field | 180410b bul|||||r ||||||| ||bul|| |
| 010 ## - Наследен системен номер | |
| LC control number | KNG00150806000 |
| 040 ## - Източник на каталожния запис | |
| Идентификатор на билиотеката - собственик на записа | BLK |
| 041 ## - Код за език | |
| Код за езика на текст/звукозапис или на отделно заглавие | Български |
| Код за езика КДБФ | Български |
| 072 #7 - Код за тематичната категория | |
| Код организация | bullib |
| Код за тематична категория | Н86 |
| Текст | Детска отраслова литература Н |
| 080 ## - УДК | |
| Текстов определител УДК | Игри на маса с фигури и пионки - "Не се сърди човече", домино и др. |
| УДК код - определител по УДК | 794.3 |
| УДК определител | (100) |
| УДК - код + определител | 794.3(100) |
| 139 ## - Редно поле | |
| Редна дума | Наваро, Анхелс |
| Авторски знак | Нав - Н 13 |
| 245 10 - Сведения за заглавието | |
| Заглавие | [Десет] 10 настолни игри от цял свят |
| Редно поле (дума) | текст Анхелс Наваро; ил. Ед Каросия; прев. Бойко Тотев Маринов. |
| 257 ## - Страна на издаване | |
| Страна на създаване/издаване | Испания |
| 260 ## - Област на издателските данни | |
| -- | София |
| Име на издателя, разпространителя и проч. | Фют |
| Година на издаване | 2014 |
| 300 ## - Физическа характеристика | |
| Страници | 12 с. |
| Илюстрации и др. | с цв. ил. |
| Размери/Мащаб | 28Х28 см |
| 380 ## - Жанр | |
| Жанр | Детска отраслова лит. |
| 500 ## - Общи забележки | |
| Забележка | Ориг. загл. Los 10 mejores juegos de siempre / Angels Navarro, ill. Ed. Carosia. - Кор. загл. - Кн. отпеч. на ламиниран картон. |
| 650 #4 - Допълнително описание по предмет – тема | |
| Основно описание – тема или топоним | Игри за развлечение |
| 9 (RLIN) | 245182 |
| 650 #4 - Допълнително описание по предмет – тема | |
| Основно описание – тема или топоним | Игри, умствени |
| 9 (RLIN) | 328398 |
| 653 ## - Ключова дума – ненормативна | |
| Ключова дума | игри на маса |
| 653 ## - Ключова дума – ненормативна | |
| Ключова дума | литература за деца |
| 653 ## - Ключова дума – ненормативна | |
| Ключова дума | детски игри |
| 653 ## - Ключова дума – ненормативна | |
| Ключова дума | детска литература |
| 659 ## - Тематичен бюлетин | |
| Тематичен бюлетин | Н |
| 700 1# - Други автори (авторска отговорност) | |
| Лично име | Наваро, Анхелс |
| Автороска отговорност (Описва отношението между автора и произведението) | текст |
| 9 (RLIN) | 328397 |
| 700 1# - Други автори (авторска отговорност) | |
| Лично име | Каросия, Ед |
| Автороска отговорност (Описва отношението между автора и произведението) | ил. |
| 9 (RLIN) | 77229 |
| 700 1# - Други автори (авторска отговорност) | |
| Лично име | Маринов, Бойко Тотев |
| Автороска отговорност (Описва отношението между автора и произведението) | прев. |
| 9 (RLIN) | 313385 |
| 852 ## - Местоположение | |
| Форматна сигнатура | Цб ІІ 20295 |
| 856 4# - Електронен адрес и достъп | |
| Електронен формат | pdf - файл |
| Път до файла /url/ | |
| 856 4# - Електронен адрес и достъп | |
| Електронен формат | pdf - файл |
| Път до файла /url/ | |
| 942 ## - АРТИКУЛИ | |
| Вид на библиотечния материал | Книги |
| Скрит в OPAC | Не |
| Koha issues (borrowed), all copies | 1 |
| 944 ## - СЪЗДАВАНЕ И РЕДАКЦИЯ на ЗАПИСА | |
| Създаване/Редакция | Създаване |
| Дата на регистрацията/редакция | 11.12.2014 |
| Статус, дата на статуса | Бояна Костадинова |
| Служител, извършил регистрацията/редакцията | 30551 |
| 944 ## - СЪЗДАВАНЕ И РЕДАКЦИЯ на ЗАПИСА | |
| Създаване/Редакция | Редакция |
| Дата на регистрацията/редакция | 09.01.2015 |
| Статус, дата на статуса | ф / |
| Служител, извършил регистрацията/редакцията | Людмила_Стоянова |
| 999 ## - СИСТЕМНИ КОНТРОЛНИ НОМЕРА | |
| Koha biblionumber | 144646 |
| Koha biblioitemnumber | 144646 |
| Код за отписване | Код за изгубен артикул | Код за повреда | Коз за рестрикции | Код за отдаване | Артикулен № | Име на библиотеката - собственик | Име на библиотеката, в която се намира в момента | Статус (Текущо местоположение) | Дата на вписване в системата | Местоположение - отдел | Цена в лева | Инвентарен номер | Систематично азбучна сигнатура | Баркод | Номер на екземпляра | Цена в евро | Служебна бележка | Служебен тип на артикула |
|---|---|---|---|---|---|---|---|---|---|---|---|---|---|---|---|---|---|---|
| Не е изгубен | Не е повреден | без рестрикции | заемане за дома | 240193 | Регионална библиотека "Любен Каравелов" Русе | Регионална библиотека "Любен Каравелов" Русе | Детски отдел | 2014-12-10 | Детски отдел | 25.00 | 120000783807 | ДН 79/Н 13 | 120000783807 | 1 | 12.78 | Дост: Pk Вид: Ф N: 422 Дата: 10.12.2014 Дата инв: 25.08.2015 Бележки инв: Д2015 | Книги |